000 01448nam a22002537a 4500
999 _c12061
_d12061
003 Ge_BSU
005 20191031114150.0
008 181216s2011 ge ||||| |||| 00| 0 geo d
020 _a9789941035029
041 _ageo
080 _a811.353.1+811.341.1+81 მ-58
100 _aმესხი, ანა
_96
245 _aშეხვედრა ათაეწლეულების შემდეგ ანუ ბამიანის ხელნაწერის ამბავი :
_bსამ წიგნად : წიგნი 1 : ქართველურ-შუმერულ-ეგვიპტური ლინგვოკულტუროლოგია /
_cანა მესხი ; დავით მესხი ; რედ : გიორგი გრიგოლაშვილი.
264 _aთბილისი :
_b"მწიგნობარი",
_c2011.
300 _a580 გვ. :
_bილ. ;
_c24 სმ.
504 _aბიბლიოგრ. გვ. 534-545.
520 _aრეზიუმე ინგლ. ენაზე.
653 _aქართველური ენები
653 _aლინგვისტიკა
653 _aლინგვოკულტუროლოგია
700 _eმესხი, დავით.
_95166
700 _eგრიგოლაშვილი, გიორგი
_dრედაქტორი
_95167
942 _2udc
_cBK